La mesta: estudio de la historia económica española, 1273-1836
Guardat en:
| Autor principal: | |
|---|---|
| Format: | Llibre |
| Idioma: | espanyol |
| Publicat: |
Madrid, España
Alianza
1981
|
| Col·lecció: | Alianza Universidad
|
| Matèries: | |
| Etiquetes: |
Afegir etiqueta
Sense etiquetes, Sigues el primer a etiquetar aquest registre!
|
MARC
| LEADER | 00000nam a2200000 a 4500 | ||
|---|---|---|---|
| 001 | UCP7637 | ||
| 003 | CL-VaPUC | ||
| 005 | 20220921074433.0 | ||
| 008 | 991217e19810000SP |||||||||||||||||spa|d | ||
| 999 | |c 284754 |d 284752 | ||
| 040 | |c Pontificia Universidad Católica de Valparaíso | ||
| 082 | 0 | 4 | |a 330.0946 KLE 1981 |2 21 |
| 100 | 0 | |a Klein, Julius |e author |9 437132 | |
| 245 | 1 | 3 | |a La mesta: |b estudio de la historia económica española, 1273-1836 |
| 260 | |a Madrid, España |b Alianza |c 1981 | ||
| 300 | |a 457 páginas | ||
| 490 | 0 | |a Alianza Universidad | |
| 583 | |a last modification |c 19991217 00:00:00 |k Rodrigo Vera | ||
| 650 | 7 | |a ECONOMIA ESPAÑOLA |2 CL-VaPUC |9 314036 | |
| 650 | 0 | |a Historia económica |z ESPAÑA |9 307218 | |
| 650 | 0 | |a Administración de justicia |z ESPAÑA |9 382749 | |
| 852 | |a BIBCUR | ||
| 942 | |c BK |2 ddc | ||
| 945 | |d 19991217 00:00:00 |a crobeson | ||
| 952 | |0 0 |1 0 |2 ddc |4 0 |6 330_094600000000000_KLE_1981 |7 0 |8 A |9 328972 |a BIBHIS |b BIBHIS |d 2019-11-20 |i 137317K |o 330.0946 KLE 1981 |p 137317K |r 2025-01-20 |t 1 |w 2019-11-20 |y BK |k HIS | ||